Running your own show : mastering the basics of small business /

Bibliographic Details
Main Author: Curtin, Richard T., 1941-
Format: Book
Language:English
Published: New York : Wiley, [1982]
Series:Wiley series on small business management.
Subjects:

MARC

Tag First Indicator Second Indicator Subfields
LEADER 00000cam a22000008a 4500
001 in00000048885
005 20151007075725.0
008 810901s1982 nyu 00110 eng
010 |a  81014746  
020 |a 0471860743 
035 |a (OCoLC)07795282 
035 |9 AAF3717AM 
039 0 |a 2  |b 3  |c 3  |d 3  |e 3 
040 |a DLC  |c DLC  |d TXA  |d UtOrBLW 
049 |a TXAM  |c [1805585] 
050 0 0 |a HD62.7  |b  C87 
082 0 |a 658/.022  |2 19 
100 1 |a Curtin, Richard T.,  |d 1941- 
245 1 0 |a Running your own show :  |b mastering the basics of small business /  |c Richard T. Curtin. 
263 |a 8207 
264 1 |a New York :  |b Wiley,  |c [1982] 
264 4 |c ©1982 
300 |a ix, 226 pages ;  |c 24 cm. 
336 |a text  |b txt  |2 rdacontent 
337 |a unmediated  |b n  |2 rdamedia 
338 |a volume  |b nc  |2 rdacarrier 
490 1 |a Wiley series on small business management,  |x 0271-6054 
500 |a "A Ronald Press publication." 
500 |a Includes index. 
650 0 |a Small business  |x Management. 
650 0 |a Self-employed. 
830 0 |a Wiley series on small business management. 
999 |a MARS 
999 f f |s 0e39cb1c-6366-3bde-9ca2-11b1d8c564f6  |i ac1faeed-1f91-38ae-b90f-06ea17a83d9a  |t 0 
952 f f |p ric  |a Texas A&M University  |b Rellis Campus  |c Joint Library Facility  |d Remote Storage  |t 0  |e HD62.7 C87  |h Library of Congress classification  |i unmediated -- volume  |m A14805941559 
998 f f |a HD62.7 C87  |t 0  |l Remote Storage